Catálogo
 En Linea

Poderes del pensamiento / (Registro nro. 18290)

Detalles MARC
000 -CABECERA
campo de control de longitud fija 00859nam a2200265 a 4500
001 - NÚMERO DE CONTROL
campo de control 000018770
005 - FECHA Y HORA DE LA ÚLTIMA TRANSACCIÓN
campo de control 20250520113501.0
008 - DATOS DE LONGITUD FIJA--INFORMACIÓN GENERAL
campo de control de longitud fija 100518s1990 fr r 000 0 spa d
020 ## - NÚMERO INTERNACIONAL ESTÁNDAR DEL LIBRO
Número Internacional Estándar del Libro 2855664608
040 ## - FUENTE DE LA CATALOGACIÓN
Centro catalogador/agencia de origen DO-SdBNP
Lengua de catalogación spa
Centro/agencia transcriptor BNPHU
082 ## - NÚMERO DE LA CLASIFICACIÓN DECIMAL DEWEY
Número de clasificación 153.42
Número de documento/Ítem A946p, 1990
100 1# - ENTRADA PRINCIPAL--NOMBRE DE PERSONA
Nombre de persona Aïvanhov, Omraam Mikhaël,
Fechas asociadas al nombre 1900-1986
9 (RLIN) 40493
240 10 - TÍTULO UNIFORME
Título uniforme Puissances de la pensée
Lenguaje de la obra frances
240 10 - TÍTULO UNIFORME
Título uniforme Puissances de la pensée
Lenguaje de la obra Español
245 10 - MENCIÓN DE TÍTULO
Título Poderes del pensamiento /
Mención de responsabilidad, etc. Omraam Mikhaël Aïvanhov.
250 ## - MENCIÓN DE EDICIÓN
Mención de edición 2a ed.
260 ## - PUBLICACIÓN, DISTRIBUCIÓN, ETC.
Lugar de publicación, distribución, etc. Barcelona :
Nombre del editor, distribuidor, etc. Prosveta,
Fecha de publicación, distribución, etc. 1990.
300 ## - DESCRIPCIÓN FÍSICA
Extensión 224 [16] p. ;
Dimensiones 18 cm.
490 0# - MENCIÓN DE SERIE
Mención de serie Izvor
Designación de volumen o secuencia 224
500 ## - NOTA GENERAL
Nota general Incluye datos biograficos del autor.
534 ## - NOTA SOBRE LA VERSIÓN ORIGINAL
Encabezamiento principal del original Título original
Mención de título del original Puissances de la pensée
650 #0 - PUNTO DE ACCESO ADICIONAL DE MATERIA--TÉRMINO DE MATERIA
Término de materia o nombre geográfico como elemento de entrada Pensamiento
9 (RLIN) 22995
650 #4 - PUNTO DE ACCESO ADICIONAL DE MATERIA--TÉRMINO DE MATERIA
Término de materia o nombre geográfico como elemento de entrada Razonamiento (psicología)
9 (RLIN) 40494
830 #0 - PUNTO DE ACCESO ADICIONAL DE SERIE-TÍTULO UNIFORME
Título uniforme Izvor ;
Designación de volumen o secuencia 224
9 (RLIN) 40495
Existencias
Estado de retiro Estado de pérdida Restricciones de uso No para préstamo Código de colección Localización permanente Ubicación/localización actual Ubicación en estantería Fecha de adquisición Número de inventario Total de préstamos Signatura topográfica completa Código de barras Fecha visto por última vez Precio válido a partir de Tipo de ítem Koha Número de copia
      Excluido de préstamo Monografías: Libros y Folletos General General Depósito 18.05.2010 LF1   153.42 A946p, 1990 18770-10 25.06.2020 25.06.2020 No se presta  
  Extraviado   Excluido de préstamo Monografías: Libros y Folletos Patrimonio Dominicano Patrimonio Dominicano Extraviado 06.04.2017 LF1   153.42 A946p, 1990 18770-20 25.06.2020 25.06.2020 No se presta e. 2

Con tecnología Koha